000 00358nam a2200109Ia 4500
008 171204s9999 xx 000 0 und d
245 _aReversibility in Dynamics and Group Theory:
245 _cAnthony G. O'Farrell and Ian Short
260 _c2015
650 _xGROUP DYNAMICS WITH TRAINING TECHNIQUES
856 _uhttp://down.ebook777.com/035/1107442885.pdf
999 _c346443
_d346443